Reason and law : (Record no. 2087)

MARC details
000 -LEADER
fixed length control field 00480cam a2200157 4500
001 - CONTROL NUMBER
control field 2623
005 - DATE AND TIME OF LATEST TRANSACTION
control field 20181127165401.0
008 - FIXED-LENGTH DATA ELEMENTS--GENERAL INFORMATION
fixed length control field 751104s1950 ilu b 000 0 eng
010 ## - LIBRARY OF CONGRESS CONTROL NUMBER
LC control number 50005539
100 1# - MAIN ENTRY--PERSONAL NAME
Personal name Cohen, Morris Raphael,
Dates associated with a name 1880-1947.
245 10 - TITLE STATEMENT
Title Reason and law :
Remainder of title studies in juristic philosophy /
Statement of responsibility, etc. Morris Raphael Cohen.
260 ## - PUBLICATION, DISTRIBUTION, ETC.
Place of publication, distribution, etc. Glencoe, Ill :
Name of publisher, distributor, etc. Free Press,
Date of publication, distribution, etc. 1950.
300 ## - PHYSICAL DESCRIPTION
Extent 211 p. ;
Dimensions 23 cm.
504 ## - BIBLIOGRAPHY, ETC. NOTE
Bibliography, etc. note Bibliographical footnotes.
650 #0 - SUBJECT ADDED ENTRY--TOPICAL TERM
Topical term or geographic name entry element Law
General subdivision Philosophy.
Holdings
Withdrawn status Lost status Source of classification or shelving scheme Damaged status Not for loan Collection code Home library Current library Shelving location Serial Enumeration / chronology Inventory number Total Checkouts Full call number Barcode Date last seen Price effective from Koha item type
    Dewey Decimal Classification     Main TEST RTC Library RTC Library Main opac 2095   340.1 COH 30003911 27/11/2018 27/11/2018 Main
Royal Thimphu College || All Right Reserved